00896nam a22001937a 4500003000200000005001700002008004100019050002400060100002400084245012200108260007400230300002700304500004000331504005700371650005900428650007000487650007200557650007300629020250219170528.0250219b xxu||||| |||| 00| 0 eng d aHG 3751b.Ch58 2023 aChua, John Vincent  aThe degree of reliance on financial debts of micro and small enterprise in Santa Rosa City, LagunacJohn Vincent Chua aLas Pinas City bSouthville International School and Colleges cc2023 aix, 75 pages ; c28cm. aBachelor of Science in Accountancy. aIncludes bibliographical references and appendices.  aBusiness debt—Philippines—Santa Rosa City, Laguna. aSmall business—Finance—Philippines—Santa Rosa City, Laguna. aMicroenterprises—Finance—Philippines—Santa Rosa City, Laguna. aSmall business—Management—Philippines—Santa Rosa City, Laguna.